000 00548nam a2200217Ia 4500
003 IN-BaIIA
008 211028s9999 xx 000 0 eng d
020 _a978-0719-576-690
040 _cIIA Library
080 _a53
_bDUN
100 _aDuncan, Tom
_932436
245 0 _aAdvanced physics
_cYasaman Bahreini and Tom Duncan
250 _a5th ed.
260 _aLondon
_bHodder Education
_c2008
300 _aix, 587p.
650 _aAtoms
_91137
650 _aMechanics
650 _aWaves
700 _aBahreini, Yasaman
_932437
942 _cBK
999 _c17217
_d17217